| 000 | 00585 a2200217 4500 | ||
|---|---|---|---|
| 003 | 436110 | ||
| 005 | 20251022205001.0 | ||
| 008 | 251022b |||||||| |||| 00| 0 eng d | ||
| 022 | _a9783426547 | ||
| 040 |
_c Nile University of Nigeria, Abuja. _erda |
||
| 050 | _a K 60 .I4 | ||
| 082 | _a K 60 .I4 | ||
| 245 | _aIGBINEDION UNIVERSITY LAW JOURNAL | ||
| 250 | _avol.9/10,2010/2011. | ||
| 260 |
_aEdo state _bCL Press _c2011 |
||
| 264 |
_aEdo state _bCL Press _c2011 |
||
| 300 | _bviii, 310pg., ,30 cm. | ||
| 336 | _2rdacontent | ||
| 338 | _2rdacarrier | ||
| 942 |
_2lcc _cSERIAL |
||
| 999 |
_c43936 _d43936 |
||